000 01461nam a2200337 a 4500
001 00000251
003 DO-SdBNP
005 20160624153822.0
007 00000251
008 150130s2012 dr ac 000 0 spa d
020 _a9789945174250
040 _aBPMSU
_bspa
_cBPMSU
092 _a372.257
_bC569n, 3ro. 2012
245 0 0 _aCiencias naturales 3 :
_beducación básica /
_ccolaboración Chamary Fuentes Vélez ... [et al.]; dirección editorial Doris Arroba Jácome ; ilustraciones Rafael Almanzar
260 _aSanto Domingo :
_bSM,
_c2012.
300 _a167 p. :
_bil., retrs. ;
_c29 cm.
490 1 _aProyecto Sé
505 1 _tAlimentos para crecer --
_tAire para respirar --
_tViaje dentro del cuerpo --
_tMoverse por todos lados --
_tHábitos para estar sanos --
_tUn mundo lleno de vida --
_tLos recursos de nuestro planeta --
_tLas fuerzas, las máquinas y los inventos --
_tEscuchar sonidos distintos --
_tEnergía que atrae --
650 4 _aCIENCIAS NATURALES
_xENSEÑANZA BÁSICA
650 4 _aCIENCIAS NATURALES
_xEDUCACIÓN PRIMARIA
650 4 _aEDUCACIÓN PRIMARIA
_zREPÚBLICA DOMINICANA
650 4 _aCIENCIAS NATURALES
_xESTUDIOS Y EJERCICIOS
650 4 _aCIENCIAS NATURALES
_xLIBROS DE TEXTOS
700 1 2 _aFuentes Vélez, Chamary
700 1 2 _aArroba Jácome, Doris
_eed.
700 1 2 _aAlmanzar, Rafael
_eil.
830 0 _aProyecto Sé
910 _aValidado. Control de calidad MFF
942 _2ddc
_cBK
956 _aYLOCKWARD
_b10
999 _c9816
_d9816